000 00320nam a22001337a 4500
008 260212b ||||| |||| 00| 0 eng d
020 _a9788861824027
041 _aital
080 _a2.1
100 _a20
101 _aital
245 _aMaschere A Venezia
_cAlessandro De Giuli, Ciro Massimo Naddeo
942 _2lcc
_cBK
999 _c60796
_d60796